000 00909nam a2200265Ia 4500
003 OSt
005 20221006160942.0
006 a|||||r|||| 00| 0
007 ta
008 221006b |||||||| |||| 00| 0 eng d
024 _a46,934
037 _bGift, Toshiba International Foundation
_cTextual
040 _aEASL
_cEASL
_beng
041 _2eng
_aeng
082 _aY31:7:7.42, P6
100 _aFrancks Penelope
_9660396
245 0 _aRural economic development in Japan
_b From the nineteenth century to the Pacific war
260 _aLondon
_bRoutledge
_c2006
300 _a312p.
_ccm.
490 _v JEL
_aRoutledge studies in the modern history of Asia
650 _a Economic development-Japan
_9648263
650 _aRural development-Japan
_9675540
942 _hY31:7:7.42, P6
_cTEXL
_2CC
999 _c1115023
_d1115023